Autonomous communities of Spain - Statistics

General Stats
  • This quiz has been taken 58 times
  • The average score is 15 of 17
Answer Stats
Capital Autonomous community % Correct
Seville Andalusia
98%
City of Valencia Valencia
98%
Vitoria-Gasteiz (de facto seat of institutions) Basque Country
96%
Barcelona Catalonia
96%
City of Madrid Madrid
96%
City of Murcia Murcia
96%
Valladolid (de facto seat of institutions) Castile and León
92%
Toledo Castilla–La Mancha
92%
Santiago de Compostela Galicia
92%
Zaragoza Aragon
88%
Las Palmas; Santa Cruz Canary Islands
87%
Oviedo Asturias
83%
Mérida Extremadura
81%
Pamplona Navarre
79%
Palma Balearic Islands
75%
Logroño La Rioja
75%
Santander Cantabria
67%
No matching quizzes found
Score Distribution
Percent of People with Each Score
Percentile by Number Answered
Your Score History
You have not taken this quiz